|
|
|
|
| LEADER |
00000nab a2200000 a 4500 |
| 001 |
vtls000430735 |
| 003 |
SK-MaSNL |
| 005 |
20260303002129.0 |
| 008 |
120925c1991 xo 0 slo |
| 015 |
|
|
|a SNBRB19rr/mm-uuuuu
|
| 035 |
|
|
|a CL0430863
|
| 040 |
|
|
|a SNKBUCL
|b slo
|c SNKBUCL
|e AACR2
|
| 041 |
0 |
|
|a slo
|
| 044 |
|
|
|a xo
|c SK
|
| 080 |
|
|
|a 791.43.091.4
|2 1981
|
| 100 |
1 |
|
|a Kincelová, Emília
|4 aut
|9 845375
|
| 245 |
1 |
0 |
|a Čo dať do mušle?
|b Po 39. medzinárodnom filmovom festivale v San Sebastiane
|c E. Kincelová
|
| 300 |
|
|
|b Fot. 3.
|
| 650 |
0 |
7 |
|a Medzinárodný filmový festival 1991, San Sebastian
|2 snkbucl
|9 976961
|
| 655 |
|
7 |
|a články z novín a časopisov
|2 snkbucl
|9 267496
|
| 773 |
0 |
|
|t Práca
|g Roč. 46, č. 240 (12. 10. 1991), s. 6
|
| 850 |
|
|
|a Slovenská národná knižnica v Martine
|a MTA001
|
| 852 |
|
|
|a SNK
|b KIS3GCP
|
| 958 |
|
|
|a RK
|
| 992 |
|
|
|a RBX
|
| 999 |
|
|
|c 1566413
|d 1568343
|